Remote sensing geology / (Record no. 589231)

000 -LEADER
fixed length control field 00684cam a2200217 a 4500
020 ## - INTERNATIONAL STANDARD BOOK NUMBER
International Standard Book Number 3540431853 (acidfree paper)
082 00 - DEWEY DECIMAL CLASSIFICATION NUMBER
Classification number 550.28
100 1# - MAIN ENTRY--PERSONAL NAME
Personal name Gupta, Ravi P.,
Dates associated with a name 1948-
245 10 - TITLE STATEMENT
Title Remote sensing geology /
Statement of responsibility, etc. Ravi P. Gupta.
250 ## - EDITION STATEMENT
Edition statement 2nd ed.
260 ## - PUBLICATION, DISTRIBUTION, ETC.
Place of publication, distribution, etc. Berlin ;
-- New York :
Name of publisher, distributor, etc. Springer,
Date of publication, distribution, etc. c2003.
300 ## - PHYSICAL DESCRIPTION
Extent xx, 655 p. :
Other physical details ill. (some col.), maps (some col.) ;
Dimensions 24 cm.
504 ## - BIBLIOGRAPHY, ETC. NOTE
Bibliography, etc. note Includes bibliographical references (p. [593]-622) and indexes.
563 ## - BINDING INFORMATION
Binding note H.B
650 #0 - SUBJECT ADDED ENTRY--TOPICAL TERM
Topical term or geographic name entry element Geology
942 ## - ADDED ENTRY ELEMENTS (KOHA)
Source of classification or shelving scheme
Koha item type Book
Holdings
Withdrawn status Lost status Source of classification or shelving scheme Damaged status Not for loan Permanent Location Current Location Date acquired Source of acquisition Total Checkouts Full call number Barcode Date last seen Price effective from Koha item type
          Central Library (CL) Central Library (CL) 04/20/2022 Donation   550.28 GUP CL-D-1677 04/20/2022 04/20/2022 Book
© 2023 Central Library, National University of Sciences and Technology. All Rights Reserved.